Geography containing KA-KZ - Statistics

General Stats
  • This quiz has been taken 7 times
  • The average score is 11 of 26
Answer Stats
Contains: Clue Answer % Correct
KH Vast Asian nation (10) Kazakhstan
100%
KM Central Asian nation (12) Turkmenistan
100%
KY State of the USA (8) Kentucky
86%
KC The capital of Mauritania (10) Nouakchott
86%
KJ Iceland's capital (9) Reykjavik
86%
KI Explosive part of the Marshall Islands where one might wonder whether the girls on the beach are wearing swimwear at all (11) Bikini Atoll
71%
KK Japanese island (8) Hokkaido
71%
KL British territory in the South Atlantic (15) Falkland Islands
57%
KE The largest body of water entirely in Canada (13) Great Bear Lake
57%
KN The fork Neymar uses holds the key ingredient for a Scottish archipelago (6) Orkney
57%
KR Town near Bolton whose name means dark stick or bar (8) Blackrod
43%
KF Very old town near Belfast (13) Carrickfergus
43%
KO Lennon's wife acquires a type of meat in a city next to Tokyo (8) Yokohama
43%
KB Lancashire town, dark and set on fire (9) Blackburn
29%
KS Initially, nobody is in colourful city of Montenegro (6) Nikšić
29%
KV Toronto suburb, named after a type of tree (8) Oakville
29%
KA Lira sank in exchange complication with Asian country (8 letters) Sri Lanka
29%
KQ A Kyrgyz county in the far west of China (4) Akqi
14%
KT A city which is Kazakhstan's first to be built in the west (6) Aktobe
14%
KD Strange bar liked by Southport district with a well-known golf club (8) Birkdale
14%
KW City in D.R. Congo where we hear they get a buzz out of their humour (6) Kikwit
14%
KU Desert of Uzbekistan where Kentucky Zulu shaves first part off wood (8) Kyzylkum
14%
KX Town in Laos where momentum and acceleration leads to an output of one Newton (6) Pakxan
14%
KP Endgame finally reached at a city of Togo (8) Atakpamé
0%
KG Kyuss leave America behind, adopting French region instead, in the east; I say yeah to that, in one nautical-sounding Burmese town (20) Kyain Seikgyi Township
0%
KZ Afghan town to where one brought a Russian leader, by the sound of it (6) Tukzār
0%
No matching quizzes found
Score Distribution
Percent of People with Each Score
Percentile by Number Answered
Your Score History
You have not taken this quiz